Banderas de Países en la Naturaleza #1 - Estadísticas

Estadísticas generales
  • Esta prueba ha sido intentada 172 veces
  • La puntuación promedio es 11 de 12
Estadísticas de respuestas
Imagen Respuesta % Correcto
Canadá
100%
Francia
100%
Finlandia
99%
Ucrania
98%
Estonia
97%
Rusia
97%
Turquía
94%
Japón
93%
Polonia
93%
Bulgaria
91%
Alemania
87%
Armenia
65%
No se encontraron pruebas coincidentes
Distribución de puntuación
Porcentaje de gente con cada puntuación
Porcentaje por número respondido
Historial de tus puntuaciones
No has intentado esta prueba.